000 00817nam a2200265 4500
999 _c13509
_d13509
003 MIRAKIL
005 20211214000615.0
008 190926b tu ||||| |||| 00| 0 tur d
020 _a9757054410
040 _aTR-AnCHP
_cTR-AnCHP
041 _atur
082 _a324.2561
_bK26t 1997
100 1 _aKaratepe, Şükrü
245 1 0 _aTek parti dönemi /
_cŞükrü Karatepe.
260 _aİstanbul:
_bİz yayıncılık,
_c1997.
300 _a131 s.:
_c20 sm.
490 0 _aİz yayıncılık;
_aİnceleme-araştırma dizisi;
_v185.
_v39.
504 _aKaynakça vardır.
610 0 _95196
_aCumhuriyet Halk Partisi (CHP)
_xTarih
_zTürkiye
650 0 _aSiyaset ve yönetim
_xTürkiye
_zTürkiye
_99
650 0 _9804
_aSiyasi partiler
_xTarih
_zTürkiye
942 _2ddc
_cBKS
999 _d13509
999 _d13509